|
|
|
|
| LEADER |
00000nam0a2200000 4500 |
| 001 |
153215 |
| 005 |
20231101221658.0 |
| 010 |
|
|
|a 9785942754983
|
| 035 |
|
|
|a (RuTPU)RU\TPU\book\166224
|
| 090 |
|
|
|a 153215
|
| 100 |
|
|
|a 20090210d2010 km y0rusy50 ca
|
| 101 |
0 |
|
|a rus
|
| 102 |
|
|
|a RU
|
| 105 |
|
|
|a a g 001zy
|
| 200 |
1 |
|
|a Нормирование расхода металлопроката и стальных труб в промышленности
|e справочник
|f Ф. В. Бабаев
|
| 210 |
|
|
|a Москва
|c Машиностроение
|d 2010
|
| 215 |
|
|
|a 160 с.
|c ил.
|
| 300 |
|
|
|a На обложке и тит. л. ошибочно указаны инициалы.
|
| 320 |
|
|
|a Библиогр.: с. 135-136.
|
| 330 |
|
|
|a Приведена методика расчета норм расхода металлопроката (сортовой прокат, листовой прокат, рулонные материалы и др.) и стальных труб, широко применяемая в машиностроении и металлообработке, с учетом стоимости материала, типа производства, размера квартальной потребности в прокате, метода раскроя материала (на штучные или групповые заготовки, комбинированный раскрой) и т.п. Учтены передовые формы организации производства и другие достижения по экономному расходованию материалов. Для специалистов и инженерно-технических работников предприятий, научно-исследовательских организаций, занимающихся вопросами нормирования расхода и эффективного использования материальных ресурсов; также полезен преподавателям и студентам вузов.
|
| 606 |
1 |
|
|a Прокатка металлов
|x Экономия металлов
|2 stltpush
|3 (RuTPU)RU\TPU\subj\52033
|9 70527
|
| 606 |
1 |
|
|a Трубы стальные
|2 stltpush
|3 (RuTPU)RU\TPU\subj\61944
|9 79106
|
| 610 |
1 |
|
|a металлопрокат
|
| 610 |
1 |
|
|a нормирование
|
| 610 |
1 |
|
|a фасонный прокат
|
| 610 |
1 |
|
|a сортовой прокат
|
| 610 |
1 |
|
|a листовой прокат
|
| 610 |
1 |
|
|a металлообработка
|
| 610 |
1 |
|
|a материалы
|
| 610 |
1 |
|
|a стоимость
|
| 610 |
1 |
|
|a раскрой
|
| 610 |
1 |
|
|a экономное расходование
|
| 610 |
1 |
|
|a справочники
|
| 675 |
|
|
|a 621.771(035)
|v 3
|
| 675 |
|
|
|a 621.774(035)
|v 3
|
| 700 |
|
1 |
|a Бабаев
|b Ф. В.
|g Фамил Вейс оглы
|
| 801 |
|
1 |
|a RU
|b 63413507
|c 20090210
|g PSBO
|
| 801 |
|
2 |
|a RU
|b 63413507
|c 20150623
|g RCR
|
| 942 |
|
|
|c BK
|
| 959 |
|
|
|a 22/20090210
|d 2
|e 0
|f ЧЗКДП:1
|f ЧЗТЛ:1
|
| 959 |
|
|
|a 60/20100908
|d 2
|e 500,00
|f АНЛ:1
|f ЧЗТЛ:1
|